PLEADINGS, DRAFTING AND CONVEYANCING (Record no. 8436)

MARC details
000 -LEADER
fixed length control field 00461nam a22001817a 4500
005 - DATE AND TIME OF LATEST TRANSACTION
control field 20231031170425.0
008 - FIXED-LENGTH DATA ELEMENTS--GENERAL INFORMATION
fixed length control field 231031b |||||||| |||| 00| 0 eng d
020 ## - INTERNATIONAL STANDARD BOOK NUMBER
ISBN 978-93-86456-49-6
041 ## - LANGUAGE CODE
Language code of text/sound track or separate title eng
082 ## - DEWEY DECIMAL CLASSIFICATION NUMBER
Classification number 328.7
100 ## - MAIN ENTRY--AUTHOR NAME
Personal name CHATURVEDI, R.N. ANDARORA,VIBHA
245 ## - TITLE STATEMENT
Title PLEADINGS, DRAFTING AND CONVEYANCING
250 ## - EDITION STATEMENT
Edition statement 5TH, ED, 2023
260 ## - PUBLICATION, DISTRIBUTION, ETC. (IMPRINT)
Place of publication ALLAHABAD
Name of publisher CENTRAL LAW PUBLICATION
300 ## - PHYSICAL DESCRIPTION
Number of Pages 416;p
650 ## - SUBJECT ADDED ENTRY--TOPICAL TERM
Topical Term LAW
942 ## - ADDED ENTRY ELEMENTS (KOHA)
Koha item type Books
Holdings
Lost status Damaged status Collection code Home library Current library Shelving location Date acquired Source of acquisition Cost, normal purchase price Full call number Accession Number Koha item type
    LAW JRU Library JRU Library SHELF-30-D 31/10/2023 PURCHASE [LBI] 320.00 328.7 27992 Books
    LAW JRU Library JRU Library SHELF-30-D 31/10/2023 PURCHASE [LBI] 320.00 328.7 27993 Books
    LAW JRU Library JRU Library SHELF-30-D 31/10/2023 PURCHASE [LBI] 320.00 328.7 27994 Books
    LAW JRU Library JRU Library SHELF-30-D 31/10/2023 PURCHASE [LBI] 320.00 328.7 27995 Books
    LAW JRU Library JRU Library SHELF-30-D 31/10/2023 PURCHASE [LBI] 320.00 328.7 27996 Books